Schlachten nach Jahr erkennen - Statistiken

Allgemein
  • Dieses Quiz wurde 13 mal gespielt
    7 seit der letzten Aktualisierung
  • Das Durchschnittsergebnis liegt bei 11 aus 24
Antwortstatistiken
Hint Antwort % Korrekt
1815 Schlacht von Waterloo
100%
1805 Schlacht von Austerlitz
86%
1066 Schlacht von Hastings
86%
1453 Fall von Konstantinopel
71%
1866 Schlacht von Königgrätz
71%
1871 Schlacht von Sedan
71%
9 n. Chr. Schlacht im Teutoburger Wald
57%
1415 Schlacht von Azincourt
57%
216 v. Chr. Schlacht von Cannae
57%
1863 Schlacht von Gettysburg
57%
1099 Eroberung von Jerusalem
43%
955 Schlacht auf dem Lechfeld
43%
331 v. Chr. Schlacht von Gaugamela
43%
732 Schlacht von Tours und Poitiers
43%
202 v. Chr. Schlacht von Zama
43%
1631 Schlacht von Breitenfeld
29%
1346 Schlacht von Crecy
29%
1704 Schlacht von Hochstädt
29%
490 v. Chr. Schlacht von Marathon
29%
1709 Schlacht von Poltawa
29%
451 Schlacht auf den katalaunischen Feldern
14%
48 v. Chr. Schlacht von Pharsalos
14%
1777 Schlacht von Saratoga
14%
1588 Seeschlacht von Gravelines/ Spanische Armada
14%
Keine übereinstimmenden Quizze gefunden
Verteilung der Resultate
Anzahl Personen mit jedem Resultat
Perzentil nach korrekt beantworteten Fragen
Ihre Resultats-Entwicklung
Sie haben dieses Quiz seit der letzten Aktualisierung nicht gespielt